Environmental engineering (Record no. 5357)

000 -LEADER
fixed length control field 00678nam a2200241 4500
001 - CONTROL NUMBER
control field 5357
003 - CONTROL NUMBER IDENTIFIER
control field BD-DhUET
008 - FIXED-LENGTH DATA ELEMENTS--GENERAL INFORMATION
fixed length control field 141126b xxu||||| |||| 00| 0 eng d
020 ## - INTERNATIONAL STANDARD BOOK NUMBER
International Standard Book Number 0071002316
040 ## - CATALOGING SOURCE
Transcribing agency 0
Modifying agency BD-DhUET
082 ## - DEWEY DECIMAL CLASSIFICATION NUMBER
Classification number 628
Item number PEA/1985
100 ## - MAIN ENTRY--PERSONAL NAME
Personal name Peavy, Howard S
245 ## - TITLE STATEMENT
Title Environmental engineering
250 ## - EDITION STATEMENT
Edition statement 1st ed.
260 ## - PUBLICATION, DISTRIBUTION, ETC. (IMPRINT)
Place of publication, distribution, etc. New york
Name of publisher, distributor, etc. McGraw-Hill
Date of publication, distribution, etc. 1985
300 ## - PHYSICAL DESCRIPTION
Extent xiv,699 p.+various paging
Other physical details ill.
490 ## - SERIES STATEMENT
Series statement McGraw-Hill series in water resources and environmental engineering
504 ## - BIBLIOGRAPHY, ETC. NOTE
Bibliography, etc Includes bibliographies
650 #0 - SUBJECT ADDED ENTRY--TOPICAL TERM
Topical term or geographic name as entry element Environmental engineering
700 ## - ADDED ENTRY--PERSONAL NAME
Personal name Rowe, Donald R.
700 ## - ADDED ENTRY--PERSONAL NAME
Personal name Tchobanoglous, George
942 ## - ADDED ENTRY ELEMENTS (KOHA)
Koha item type General Book
Holdings
Shelving location Sublocation or collection (holding branch) Price effective from Koha issues (times borrowed) Piece designation (barcode) Location (home branch) Koha item type Damaged status Date acquired Copy number Withdrawn status Koha date last borrowed Koha normalized classification for sorting Koha date last seen Koha renewals Not for loan Source of classification or shelving scheme Koha full call number Lost status
Circulation sectionCentral Library, BUET2014-11-26981896Central Library, BUETGeneral Book 2014-11-261 2023-12-10628PEA19852024-09-08   628/PEA/1985 
Circulation sectionCentral Library, BUET2014-11-261081895Central Library, BUETGeneral Book 2014-11-262 2024-03-16628PEA19852024-06-02   628/PEA/1985 
Reading sectionCentral Library, BUET2015-06-18 88788Central Library, BUETReading Item 2015-06-183  628_000000000000000_PEA_19852015-06-18   628/PEA/1985 
Reading sectionCentral Library, BUET2015-06-18 87579Central Library, BUETReading Item 2015-06-184  628_000000000000000_PEA_19852015-06-18   628/PEA/1985 
Circulation sectionCentral Library, BUET2017-10-31281894Central Library, BUETGeneral Book 1991-10-285 2020-03-16628_000000000000000_PEA_19852021-11-13   628/PEA/1985 
Rental sectionCentral Library, BUET2024-12-01 81847Central Library, BUETRental Item 1991-10-28ক-৫১  628_000000000000000_PEA_19852024-12-01   628 PEA/1985 
Rental sectionCentral Library, BUET2024-12-01 81874Central Library, BUETRental Item 1991-10-28ক-৭৮  628_000000000000000_PEA_19852024-12-01   628 PEA/1985 
Rental sectionCentral Library, BUET2024-12-01 81875Central Library, BUETRental Item 1991-10-28ক-৭৯  628_000000000000000_PEA_19852024-12-01   628 PEA/1985 
Rental sectionCentral Library, BUET2024-12-01 81876Central Library, BUETRental Item 1991-10-28ক-৮০  628_000000000000000_PEA_19852024-12-01   628 PEA/1985 
Rental sectionCentral Library, BUET2024-12-01 81877Central Library, BUETRental Item 1991-10-28ক-৮১  628_000000000000000_PEA_19852024-12-01   628 PEA/1985 
Rental sectionCentral Library, BUET2024-12-01 81878Central Library, BUETRental Item 1991-10-28ক-৮২  628_000000000000000_PEA_19852024-12-01   628 PEA/1985 
Rental sectionCentral Library, BUET2024-12-01 81879Central Library, BUETRental Item 1991-10-28ক-৮৩  628_000000000000000_PEA_19852024-12-01   628 PEA/1985 
Rental sectionCentral Library, BUET2024-12-01 81880Central Library, BUETRental Item 1991-10-28ক-৮৪  628_000000000000000_PEA_19852024-12-01   628 PEA/1985 
Rental sectionCentral Library, BUET2024-12-01 81881Central Library, BUETRental Item 1991-10-28ক-৮৫  628_000000000000000_PEA_19852024-12-01   628 PEA/1985 
Rental sectionCentral Library, BUET2024-12-01 81882Central Library, BUETRental Item 1991-10-28ক-৮৬  628_000000000000000_PEA_19852024-12-01   628 PEA/1985 
Rental sectionCentral Library, BUET2024-12-01 81883Central Library, BUETRental Item 1991-10-28ক-৮৭  628_000000000000000_PEA_19852024-12-01   628 PEA/1985 
Rental sectionCentral Library, BUET2024-12-01 81884Central Library, BUETRental Item 1991-10-28ক-৮৭  628_000000000000000_PEA_19852024-12-01   628 PEA/1985